| 000 | 00841cam a22002774a 4500 | ||
|---|---|---|---|
| 008 | |||
| 020 | _a0072834110 (pbk.) | ||
| 049 | _aMAIN | ||
| 090 | 0 | 0 | _aQA76 HAA |
| 100 | 1 | _aHaag, Stephen. | |
| 245 | 1 | 0 |
_aComputing concepts : _bcomplete edition / _cStephen Haag, Maeve Cummings, Alan I. Rea, Jr. |
| 250 | _a2nd ed. | ||
| 260 |
_aBoston : _bMcGraw-Hill Technology Education, _c2004. |
||
| 300 |
_axxxi, 556 p. : _bill. (some col.) ; _c28 cm. |
||
| 440 | 4 | _aThe I series | |
| 500 | _aIncludes index. | ||
| 504 | _aIncludes bibliographical references. | ||
| 650 | 0 | _aElectronic data processing. | |
| 700 | 1 | _aCummings, Maeve. | |
| 700 | 1 | _aRea, Alan I. | |
| 907 |
_a.b10253610 _b24-04-08 _c07-03-08 |
||
| 003 | |||
| 005 | 20230123124853.0 | ||
| 040 | _cNUST | ||
| 942 |
_cBOOKS _kQA76 HAA |
||
| 999 |
_c131712 _d131712 |
||